WWE superstars by theme song lyrics - Statistics

General Stats
  • This quiz has been taken 4,020 times
  • The average score is 11 of 15
Answer Stats
Hint Answer % Correct
Your time is up, my time is now / You can't see me, my time is now John Cena
97%
I hear voices in my head / They counsel me, they understand / They talk to me Randy Orton
96%
It's all about the game, and how you play it / It's all about control, and if you can take it Triple H
95%
I think I'm cute / I know I'm sexy / I've got the looks / that drive the girls wild Shawn Michaels
94%
Look in my eyes, what do you see? / The cult of personality CM Punk
89%
On this day I see clearly everything has come to life / A bitter place and a broken dream / And we'll leave it all, leave it all behind Edge
84%
People over there what's up / Feel me, stand up and say what's up R-Truth
84%
I am a real American / Fight for the rights of every man Hulk Hogan
83%
I'm here to show the world / I'm here to show the world / Come oooooooonn! Dolph Ziggler
75%
I walk for miles inside this pit of danger / A place where no one follow me, I walk alone Batista
68%
No chance, that's what ya got / Up against a machine too strong Vince McMahon
68%
Oh radio, tell me everything you know / I will believe your every word, just tell me so Zack Ryder
66%
If you close your eyes, your life a naked truth revealed / Dreams you never lived and scars never healed Christian
55%
Get ready for something that you've never known / You won't see it coming but I promise you'll know Big Show
30%
I love to love 'em / I love to kick 'em / I love to shove 'em / I love to stick 'em "Bad Ass" Billy Gunn
18%
No matching quizzes found
Score Distribution
Percent of People with Each Score
Percentile by Number Answered
Your Score History
You have not taken this quiz